000 00671nam a2200253Ia 4500
003 OSt
005 20220918164549.0
006 a|||||r|||| 00| 0
007 ta
008 220917b |||||||| |||| 00| 0 eng d
020 _a0679423028
024 _a2,319
037 _cTextual
040 _aARTS
_cARTS
_beng
041 _2eng
_aeng
082 _aWxL12,3, J0;N3
100 _aCole G D H tr.
_919442
245 0 _aSocial contract and the discources
260 _aNew York
_bAlfred A Knopf USA
_c1993
300 _a409 p.
_ccm.
650 _aPOLITICAL SCIENCE
942 _hWxL12,3, J0;N3
_cTEXL
_2CC
999 _c125303
_d125303